000 00538nam a2200217Ia 4500
003 OSt
005 20221002053831.0
006 a|||||r|||| 00| 0
007 ta
008 mle
024 _a57787
037 _cReference Collections
040 _aCRL
_cCRL
_bmle
041 _2mle
_amle
082 _aP32:4k, 111L6
100 _aPillai Madhavan C.
_9575232
245 0 _aMalayalam English dictionary
260 _c1976
942 _hP32:4k, 111L6
_cref
_2CC
999 _c923282
_d923282